Accounting : what the numbers mean / (Record no. 3091)

MARC details
000 -LEADER
fixed length control field 00723nam a22002297a 4500
003 - CONTROL NUMBER IDENTIFIER
control field OSt
005 - DATE AND TIME OF LATEST TRANSACTION
control field 20240924092000.0
008 - FIXED-LENGTH DATA ELEMENTS--GENERAL INFORMATION
fixed length control field 240924b |||||||| |||| 00| 0 eng d
020 ## - INTERNATIONAL STANDARD BOOK NUMBER
International Standard Book Number 9780071283175
040 ## - CATALOGING SOURCE
Original cataloging agency DWCL-main lib.
Transcribing agency OC
082 ## - DEWEY DECIMAL CLASSIFICATION NUMBER
Classification number Circ. 657 M367a 2008
100 ## - MAIN ENTRY--PERSONAL NAME
Personal name MARSHALL, DAVID H.
245 ## - TITLE STATEMENT
Title Accounting : what the numbers mean /
Statement of responsibility, etc. David H. Marshall, Daniel F. Viel, Wayne W. McManus.
250 ## - EDITION STATEMENT
Edition statement Eighth edition.
260 ## - PUBLICATION, DISTRIBUTION, ETC.
Place of publication, distribution, etc. Boston :
Name of publisher, distributor, etc. McGraw-Hill/Irwin,
Date of publication, distribution, etc. c2008.
300 ## - PHYSICAL DESCRIPTION
Extent xx, 742 pages :
Other physical details color illustrations ;
Dimensions 25 cm.
504 ## - BIBLIOGRAPHY, ETC. NOTE
Bibliography, etc. note Includes index.
650 ## - SUBJECT ADDED ENTRY--TOPICAL TERM
Topical term or geographic name entry element Accounting
700 ## - ADDED ENTRY--PERSONAL NAME
Personal name Viel, Daniel F.
700 ## - ADDED ENTRY--PERSONAL NAME
Personal name McManus, Wayne W.
942 ## - ADDED ENTRY ELEMENTS (KOHA)
Source of classification or shelving scheme Dewey Decimal Classification
Koha item type Book Circulation
Call number prefix Circ. 657 M367a 2008
Suppress in OPAC No
952 ## - LOCATION AND ITEM INFORMATION (KOHA)
--
Holdings
Withdrawn status Lost status Source of classification or shelving scheme Damaged status Not for loan Home library Current library Shelving location Date acquired Source of acquisition Total Checkouts Full call number Barcode Date last seen Copy number Price effective from Koha item type Uniform Resource Identifier
    Dewey Decimal Classification     College Library College Library Circulation 06/20/2009 SF   Circ. 657 M367a 2008 46667 09/24/2024 c1 09/24/2024 BK-CIRC